LEADER 01446nas 2200505-a 450 001 996336239203316 005 20230227213019.0 011 $a1759-507X 035 $a(OCoLC)318978183 035 $a(CKB)1000000000579907 035 $a(CONSER)--2009252133 035 $a(DE-599)ZDB2490368-1 035 $a(MiFhGG)2UZF 035 $a(MiAaPQ)2041934 035 $a(EXLCZ)991000000000579907 100 $a20090422a20099999 s-- - 101 0 $aeng 135 $aurcn||||||||| 181 $ctxt$2rdacontent 182 $cc$2rdamedia 183 $acr$2rdacarrier 200 00$aNature reviews$iNephrology 210 $aNew York $cNature Pub. Group 215 $a1 online resource 300 $aRefereed/Peer-reviewed 311 $a1759-5061 517 1 $aNephrology 531 $aNAT REV NEPHROL 531 $aNAT. REV. NEPHROL 606 $aKidneys$xDiseases$xTreatment$vPeriodicals 606 $aNephrology$vPeriodicals 606 $aKidney Diseases 606 $aKidneys$xDiseases$xTreatment$2fast$3(OCoLC)fst00987412 606 $aNephrology$2fast$3(OCoLC)fst01035991 608 $aPeriodicals. 608 $aPeriodicals.$2fast 615 0$aKidneys$xDiseases$xTreatment 615 0$aNephrology 615 12$aKidney Diseases. 615 7$aKidneys$xDiseases$xTreatment. 615 7$aNephrology. 906 $aJOURNAL 912 $a996336239203316 996 $aNature reviews$91754904 997 $aUNISA LEADER 01551nas 2200529- 450 001 9910140183403321 005 20230510103933.0 035 $a(OCoLC)862940866 035 $a(CKB)2670000000498846 035 $a(CONSER)--2013274055 035 $a(DE-599)ZDB2834242-2 035 $a(MiAaPQ)3933223 035 $a(EXLCZ)992670000000498846 100 $a20131113a20149999 --- a 101 0 $aeng 135 $aur||||||||||| 181 $ctxt$2rdacontent 182 $cc$2rdamedia 183 $acr$2rdacarrier 200 00$aCase reports in plastic surgery & hand surgery 210 1$a[Colchester, UK] :$cInforma Healthcare,$d2014- 215 $a1 online resource 311 $a2332-0885 606 $aHand$xSurgery$vPeriodicals 606 $aSurgery, Plastic$vPeriodicals 606 $aHand$xsurgery 606 $aSurgery, Plastic 606 $aHand$xSurgery$2fast$3(OCoLC)fst00950854 606 $aSurgery, Plastic$2fast$3(OCoLC)fst01139417 608 $aPeriodical. 608 $aCase Reports. 608 $aFulltext. 608 $aInternet Resources. 608 $aPeriodicals. 608 $aPeriodicals.$2fast 615 0$aHand$xSurgery 615 0$aSurgery, Plastic 615 12$aHand$xsurgery. 615 12$aSurgery, Plastic. 615 7$aHand$xSurgery. 615 7$aSurgery, Plastic. 676 $a617.9 712 02$aActa Chirurgica Scandinavica Society, 906 $aJOURNAL 912 $a9910140183403321 996 $aCase reports in plastic surgery & hand surgery$92148095 997 $aUNINA